000 00408nam a2200145Ia 4500
008 090123s9999 xx 000 0 und d
082 _b25633
245 _aविजेता नागराज
250 _a0
260 _bराज पॉकेट बुक्स
300 _a64
630 _aविजेता नागराज
730 _aविजेता नागराज
942 _cBOOK
999 _c63704
_d63704